Memorias de guerra de un sacerdote / (Record no. 78272)

MARC details
000 -LEADER
campo de control de longitud fija 00580nam a2200181 i 4500
001 - NÚMERO DE CONTROL
campo de control 78272
003 - IDENTIFICADOR DE NÚMERO DE CONTROL
campo de control ES-MaACL
005 - FECHA Y HORA DE LA ÚLTIMA TRANSACCIÓN
campo de control 20230906173635.0
007 - CAMPO FIJO DE DESCRIPCIÓN FÍSICA--INFORMACIÓN GENERAL
campo de control de longitud fija t|
008 - DATOS DE LONGITUD FIJA--INFORMACIÓN GENERAL
campo de control de longitud fija 041013s1978 sp ||||1| spa d
100 1# - ENTRADA PRINCIPAL--NOMBRE DE PERSONA
Nombre de persona Häring, Bernhard.
9 (RLIN) 61847
245 10 - MENCIÓN DEL TÍTULO
Título Memorias de guerra de un sacerdote /
Mención de responsabilidad, etc. Bernhard Häring ; [versión, Marciano Villanueva].
260 ## - PUBLICACIÓN, DISTRIBUCIÓN, ETC.
Lugar de publicación, distribución, etc. Barcelona :
Nombre del editor, distribuidor, etc. Herder,
Fecha de publicación, distribución, etc. 1978.
300 ## - DESCRIPCIÓN FÍSICA
Extensión 164 p. ;
Dimensiones 20 cm.
650 04 - PUNTO DE ACCESO ADICIONAL DE MATERIA--TÉRMINO DE MATERIA
Término de materia o nombre geográfico como elemento de entrada Guerra mundial, 1939-1945-
Subdivisión de forma Relatos personales.
9 (RLIN) 13254
700 1# - ENTRADA AGREGADA--NOMBRE PERSONAL
Nombre de persona Villanueva, Marciano.
9 (RLIN) 115029
852 ## - LOCALIZACIÓN
Ubicación ES-MaACL
Número de control de estantería A-9308
Sublocalización o colección R.98398
Holdings
Estatus retirado Estado de pérdida Estado de daño No para préstamo Biblioteca de origen Biblioteca actual Ubicación en estantería Fecha de adquisición Fuente de adquisición Total de préstamos Signatura topográfica completa Código de barras Visto por última vez Precio de reemplazo Tipo de ítem Koha
        Biblioteca del Ateneo de Madrid Biblioteca del Ateneo de Madrid Depósito 1 17/01/2008     A-9308 1081877 23/02/2023 23/02/2023 Libro impreso